Presència de Catalunya : la terra : el paisatge català a través dels seus poetes / il·lustracions d'Enric Climent la terra :
Publicado:
Barcelona :
Generalitat de Catalunya, Departament de Cultura, Serveis de Cultura al Front ,
1938
Descripción Física:
219 p. : il. ; 17 cm
MARC
| LEADER | 00000nam a2200000Ia 4500 | ||
|---|---|---|---|
| 001 | 8764 | ||
| 008 | 160829s1938 xx 000 0 cat d | ||
| 080 | |a L-1-133 | ||
| 245 | |a Presència de Catalunya : |b la terra : |b el paisatge català a través dels seus poetes / il·lustracions d'Enric Climent | ||
| 260 | |a Barcelona : |b Generalitat de Catalunya, Departament de Cultura, Serveis de Cultura al Front, |c 1938 | ||
| 300 | |a 219 p. : |b il. ; |c 17 cm | ||
| 700 | |a Climent, Enric, il. |9 35521 | ||
| 700 | |a Catalunya. Serveis de Cultura al Front |9 26922 | ||
| 901 | |a Arxiu | ||
| 942 | |n 1 | ||
| 952 | |0 0 |1 0 |4 0 |6 L1133 |7 1 |9 46940 |a Arxiu |b Arxiu |d 2016-12-01 |l 0 |o L-1-133 |p 8764 |r 2016-12-01 00:00:00 |w 2016-12-01 |y ARXIU | ||
| 999 | |c 50733 |d 50733 | ||